000
00457nam a2200181Ia 4500
008
100917s9999 xx 000 0 und d
082
_b
44427
100
_a
कवि संजीव
245
_a
माणूस
260
_b
रविंद्र प्रकाशन
_c
---
300
_a
55
365
_b
6
520
_a
कविता
630
_a
माणूस
650
_a
कविता
730
_a
माणूस
942
_c
BOOK
999
_c
649821
_d
649818